| 000 | 00993nab a22002417a 4500 | ||
|---|---|---|---|
| 999 |
_c6008 _d6008 |
||
| 003 | OSt | ||
| 005 | 20260116164806.0 | ||
| 008 | 190605e xxu||||| |||| 00| 0 spa d | ||
| 040 | _cPJ | ||
| 100 |
_95140 _aGómez Orellano, Julio |
||
| 245 | 1 | 0 |
_aComentario al (nuevo) art. 242 LCT, reformado por la Ley Bases 27.742 sobre los despidos por bloqueos o piquetes / _cJulio Gómez Orellano. |
| 260 |
_aCiudad Autónoma de Buenos Aires : _bThomson Reuters La Ley, _c2025. |
||
| 300 | _ap. 46-49 | ||
| 500 | _aCita Online: Cita: TR LALEY AR/DOC/859/2025. | ||
| 505 | _t¿Te interesa el texto completo? Solicitalo al correo: koha@justierradelfuego.gov.ar | ||
| 650 | 0 |
_91316 _aDERECHO LABORAL |
|
| 650 | 0 |
_91533 _aDESPIDO |
|
| 650 | 0 |
_91341 _aHUELGA |
|
| 650 | 0 |
_95902 _aTUTELA SINDICAL |
|
| 650 | 0 |
_91461 _aLIBERTAD SINDICAL |
|
| 773 | 0 |
_02711 _93168 _dCiudad Autónoma de Buenos Aires : Thomson Reuters La Ley, 1999-2002. _tRevista de derecho del trabajo. Nº 3 - Mayo 2025 |
|
| 942 |
_2udc _cANA |
||